Deschooling society

में बचाया:
ग्रंथसूची विवरण
मुख्य लेखक: Illich, Ivan
स्वरूप: पुस्तक
भाषा:Undetermined
प्रकाशित: London Penguin Books 1970
विषय:
टैग : टैग जोड़ें
कोई टैग नहीं, इस रिकॉर्ड को टैग करने वाले पहले व्यक्ति बनें!
Thư viện lưu trữ: Trung tâm Học liệu Trường Đại học Cần Thơ
LEADER 00455nam a2200181Ia 4500
001 CTU_82562
008 210402s9999 xx 000 0 und d
082 |a 370.19 
082 |b I.28 
100 |a Illich, Ivan 
245 0 |a Deschooling society 
245 0 |c Ivan Illich 
260 |a London 
260 |b Penguin Books 
260 |c 1970 
650 |a Educational sociology 
904 |i QHieu 
980 |a Trung tâm Học liệu Trường Đại học Cần Thơ